00562nam a2200181 a 45000010010000000030011000100080041000210350026000620820016000881000015001042450051001192600056001706500017002269420012002439520090002559980020003459990015003650000-9043ELIB.Books110520 1965  a(ELIB.Books)0000-9192 a225.7 bCol aCole, Alan aTyndale (The Epistle of Paul to the Galatians) bGrand Rapids: Wm. B. Eerdmans Publishing Co. c1965 aCommentaries 2ddccBK 00102ddc4070aKBTSbKBTSd2011-05-20l0p2821r2022-01-22 00:00:00w2022-01-22yBK cbate2011-05-20 c9043d9043